| 000 | 00742cam a22002535a 4500 | ||
|---|---|---|---|
| 001 | 18336953 | ||
| 005 | 20161031155038.0 | ||
| 008 | 141016t2016 maua fr 000 0 eng d | ||
| 020 | _a9781305576766 | ||
| 020 | _a1305576764 | ||
| 040 |
_aDLC _beng _cDLC _dEG-ScBUE |
||
| 082 | 0 | 4 |
_222 _a005.74 _bVOH |
| 100 | 1 | _aVohra, Deepak. | |
| 245 | 1 | 0 |
_aNOSQL web development with Apache Cassandra / _cDeepak Vohra. |
| 250 | _a1st ed. | ||
| 260 |
_aBoston : _bCengage Learning PTR, _cc.2016. |
||
| 300 |
_axiii, 367 p. : _bill. ; _c24 cm. |
||
| 650 | 7 |
_2BUEsh _911303 _aWeb site development. |
|
| 650 | 0 |
_2BUEsh _aNon-relational databases. |
|
| 650 | 7 |
_2BUEsh _aApache Cassandra |
|
| 651 | _2BUEsh | ||
| 653 |
_bCOMSCI _cOctober2016 |
||
| 942 | _2ddc | ||
| 999 |
_c22952 _d22924 |
||